Vista normal
Vista MARC
Entrada Personal Name
Número de registros utilizados en: 1
001 - CONTROL NUMBER
- control field: 16777
003 - CONTROL NUMBER IDENTIFIER
- control field: DLC
005 - DATE AND TIME OF LATEST TRANSACTION
- control field: 20250220142723.0
008 - FIXED-LENGTH DATA ELEMENTS
- fixed length control field: 880519n| acannaabn |a aaa
010 ## - LIBRARY OF CONGRESS CONTROL NUMBER
- LC control number: n 88036435
035 ## - SYSTEM CONTROL NUMBER
- System control number: (OCoLC)oca02281993
040 ## - CATALOGING SOURCE
- Original cataloging agency: DLC
- Language of cataloging: spa
- Transcribing agency: Mx-PuUPA
- Modifying agency: OCoLC
- Modifying agency: IC
- Modifying agency: Mx-PuUPA
- Description conventions: rda
100 1# - HEADING--PERSONAL NAME
- Personal name: Poch, Joaquim,
374 ## - OCCUPATION
- Occupation: Autor
375 ## - GENDER
- Gender: hombre
377 ## - ASSOCIATED LANGUAGE
- Language code: spa
400 1# - SEE FROM TRACING--PERSONAL NAME
- Personal name: Poch i Bullich, Joaquim
400 1# - SEE FROM TRACING--PERSONAL NAME
- Personal name: Bullich, Joaquim Poch i
400 1# - SEE FROM TRACING--PERSONAL NAME
- Personal name: Poch, Joaquín
670 ## - SOURCE DATA FOUND
- Source citation: His Psicoanàlisi i dona a l'obra de M. Rodoreda, 1987:
- Information found: t.p. (Joaquim Poch) verso of t.p. (Joaquim Poch i Bullich, M.D.; specialization: psychiatry; prof at Univ. of Barcelona, Fac. of psychology)
670 ## - SOURCE DATA FOUND
- Source citation: Investigación en psicoterapia, 1998:
- Information found: t.p. (Joaquín Poch)